Systém společenského plánování v SFRJ a jeho reformy.

Samosprávne základy politického systému SFRJ sa realizovali iba čiastočne. Došlo k mnohým reformám. Charakteristika reformného hnutia v polovici 60. rokov a v 80. rokoch. Opatrenia, ktoré vyplynuli z "Kritickej analýzy fungovania politického systému v Juhoslávii". Úloha zákonov o podnikoch a Zákona...

Descrizione completa

Salvato in:
Dettagli Bibliografici
Autore principale: Císařová, P.
Natura: Capitolo di libro
Lingua:ceco
Soggetti:
Tags: Aggiungi Tag
Nessun Tag, puoi essere il primo ad aggiungerne!!

MARC

LEADER 00000naa a2200000 4500
001 r003266
005 20221125080716.5
041 0 |a cze 
044 |a [CS] 
245 1 0 |a Systém společenského plánování v SFRJ a jeho reformy.  |c P. Císařová 
520 |a Samosprávne základy politického systému SFRJ sa realizovali iba čiastočne. Došlo k mnohým reformám. Charakteristika reformného hnutia v polovici 60. rokov a v 80. rokoch. Opatrenia, ktoré vyplynuli z "Kritickej analýzy fungovania politického systému v Juhoslávii". Úloha zákonov o podnikoch a Zákona o základoch systému spoločenského plánovania a spoločenskom pláne Juhoslávie. 
610 2 0 |a politika vnútorná 
610 2 0 |a SFRJ 
610 2 0 |a reformy štruktúrne 
610 2 0 |a plánovanie 
610 2 0 |a podnik 
610 2 0 |a zákony 
100 1 |a Císařová, P.